Limp Bizkit Songs - Statistics

General Stats
  • This quiz has been taken 532 times
    426 since last reset
  • The average score is 30 of 94
Answer Stats
Album Song % Correct
Significant Other (1999) Break Stuff
89%
Chocolate Starfish and the Hot Dog Flavored Water (2000) Rollin' (Air Raid Vehicle)
82%
Chocolate Starfish and the Hot Dog Flavored Water (2000) Rollin' (Urban Assault Vehicle) (ft. DMX / Method Man / Redman)
82%
Significant Other (1999) Nookie
77%
Chocolate Starfish and the Hot Dog Flavored Water (2000) Hot Dog
75%
Chocolate Starfish and the Hot Dog Flavored Water (2000) My Generation
72%
Chocolate Starfish and the Hot Dog Flavored Water (2000) My Way
71%
Results May Vary (2003) Behind Blue Eyes
68%
Three Dollar Bill, Y'all (1997) Faith
60%
Three Dollar Bill, Y'all (1997) Intro
59%
Significant Other (1999) Intro
59%
Chocolate Starfish and the Hot Dog Flavored Water (2000) Intro
59%
Three Dollar Bill, Y'all (1997) Counterfeit
55%
Chocolate Starfish and the Hot Dog Flavored Water (2000) Take a Look Around
54%
Gold Cobra (2011) Gold Cobra
51%
Chocolate Starfish and the Hot Dog Flavored Water (2000) Boiler
47%
Significant Other (1999) Re-Arranged
47%
Significant Other (1999) Outro
46%
Chocolate Starfish and the Hot Dog Flavored Water (2000) Outro
46%
Chocolate Starfish and the Hot Dog Flavored Water (2000) Full Nelson
45%
Three Dollar Bill, Y'all (1997) Pollution
45%
Significant Other (1999) Just Like This
44%
Results May Vary (2003) Eat You Alive
43%
Chocolate Starfish and the Hot Dog Flavored Water (2000) Livin' It Up
43%
Significant Other (1999) 9 Teen 90 Nine
41%
Still Sucks (2021) Dad Vibes
39%
Significant Other (1999) N 2 Gether Now (ft. Method Man)
39%
Three Dollar Bill, Y'all (1997) Stuck
39%
Significant Other (1999) No Sex (ft. Aaron Lewis)
37%
Three Dollar Bill, Y'all (1997) Sour
36%
Significant Other (1999) I'm Broke
35%
Chocolate Starfish and the Hot Dog Flavored Water (2000) The One
34%
Three Dollar Bill, Y'all (1997) Leech
32%
Chocolate Starfish and the Hot Dog Flavored Water (2000) It'll Be OK
31%
Gold Cobra (2011) Shotgun
31%
The Unquestionable Truth (2005) The Truth
31%
Results May Vary (2003) Gimme the Mic
30%
Significant Other (1999) Nobody Like You (ft. Jonathan Davis / Scott Weiland)
29%
Significant Other (1999) Trust?
29%
Chocolate Starfish and the Hot Dog Flavored Water (2000) Hold On (ft. Scott Weiland)
28%
Significant Other (1999) Show Me What You Got
28%
Three Dollar Bill, Y'all (1997) Nobody Loves Me
27%
Still Sucks (2021) Out of Style
27%
Still Sucks (2021) Turn It Up, Bitch
27%
Chocolate Starfish and the Hot Dog Flavored Water (2000) Getcha Groove On (ft. Xzibit)
26%
Three Dollar Bill, Y'all (1997) Clunk
25%
Three Dollar Bill, Y'all (1997) Indigo Flow
25%
The Unquestionable Truth (2005) The Propaganda
25%
Results May Vary (2003) Red Light-Green Light (ft. Snoop Dogg)
24%
Gold Cobra (2011) Shark Attack
24%
Three Dollar Bill, Y'all (1997) Stalemate
24%
Significant Other (1999) Don't Go Off Wandering
23%
Three Dollar Bill, Y'all (1997) Everything
22%
The Unquestionable Truth (2005) The Priest
22%
Significant Other (1999) A Lesson Learned
21%
Gold Cobra (2011) Bring It Back
21%
Results May Vary (2003) Build a Bridge (ft. Head)
21%
Still Sucks (2021) Dirty Rotten Bizkit
21%
Results May Vary (2003) Lonely World
21%
Three Dollar Bill, Y'all (1997) Stink Finger
21%
Results May Vary (2003) Creamer (Radio Is Dead)
20%
Gold Cobra (2011) Douche Bag
20%
Results May Vary (2003) Phenomenon
20%
Results May Vary (2003) Almost Over
19%
Results May Vary (2003) Head for the Barricade
19%
The Unquestionable Truth (2005) The Key
19%
The Unquestionable Truth (2005) The Story
19%
Results May Vary (2003) Down Another Day
18%
Gold Cobra (2011) Get a Life
18%
Gold Cobra (2011) Loser
18%
Results May Vary (2003) Re-Entry
18%
Results May Vary (2003) Underneath the Gun
18%
Gold Cobra (2011) Why Try
18%
Gold Cobra (2011) Autotunage
17%
Still Sucks (2021) Barnacle
17%
Gold Cobra (2011) Introbra
17%
Gold Cobra (2011) 90.2.10
16%
Results May Vary (2003) Drown
16%
Gold Cobra (2011) Killer in You
16%
Still Sucks (2021) Snacky Poo
16%
The Unquestionable Truth (2005) The Channel
16%
The Unquestionable Truth (2005) The Surrender
16%
Gold Cobra (2011) Walking Away
16%
Gold Cobra (2011) Angels
15%
Gold Cobra (2011) Back Porch
15%
Gold Cobra (2011) My Own Cobain
15%
Results May Vary (2003) The Only One
15%
Still Sucks (2021) Goodbye
14%
Results May Vary (2003) Let Me Down
14%
Still Sucks (2021) Pill Popper
14%
Still Sucks (2021) Don't Change
13%
Still Sucks (2021) You Bring Out the Worst in Me
12%
Still Sucks (2021) Empty Hole
11%
Still Sucks (2021) Love the Hate
11%
No matching quizzes found
Score Distribution
Percent of People with Each Score
Percentile by Number Answered
Your Score History
You have not taken this quiz since the last reset